000 00484nam a2200181Ia 4500
005 20250508165608.0
008 008 250505s9999 xx 000 0 eng d
020 _a981-3031-53-3
037 _aTextual
040 _aFEDL
_beng
_cFEDL
041 _aeng
_2eng
084 _a005, WOR
_qFEDL
100 _aWordstar
_9781305
245 0 _aWordstar 2000 plus : getting started installation guide
300 _a75
942 _cTEXL
_h005, WOR
999 _c1396081
_d1396081